Critical media studies : (Record no. 22618)
[ view plain ]
| 000 -LEADER | |
|---|---|
| fixed length control field | 01406cam a22002895a 4500 |
| 001 - CONTROL NUMBER | |
| control field | 18118859 |
| 005 - DATE AND TIME OF LATEST TRANSACTION | |
| control field | 20161016150923.0 |
| 008 - FIXED-LENGTH DATA ELEMENTS--GENERAL INFORMATION | |
| fixed length control field | 140415s2014 enka frbd 001 0 eng d |
| 020 ## - INTERNATIONAL STANDARD BOOK NUMBER | |
| International Standard Book Number | 9781118553978 |
| 040 ## - CATALOGING SOURCE | |
| Original cataloging agency | OU/DLC |
| Language of cataloging | eng |
| Transcribing agency | OU |
| Modifying agency | DLC |
| -- | EG-ScBUE |
| 082 04 - DEWEY DECIMAL CLASSIFICATION NUMBER | |
| Classification number | 302.23 |
| Edition number | 22 |
| Item number | OTT |
| 100 1# - MAIN ENTRY--PERSONAL NAME | |
| Personal name | Ott, Brian L., |
| 245 10 - TITLE STATEMENT | |
| Title | Critical media studies : |
| Remainder of title | an introduction / |
| Statement of responsibility, etc | Brian L. Ott and Robert L. Mack. |
| 250 ## - EDITION STATEMENT | |
| Edition statement | 2nd ed. |
| 260 ## - PUBLICATION, DISTRIBUTION, ETC. (IMPRINT) | |
| Place of publication, distribution, etc | Chichester : |
| Name of publisher, distributor, etc | Wiley Blackwell, |
| Date of publication, distribution, etc | 2014. |
| 300 ## - PHYSICAL DESCRIPTION | |
| Extent | vii, 392 p. : |
| Other physical details | ill. ; |
| Dimensions | 25 cm. |
| 500 ## - GENERAL NOTE | |
| General note | Previous edition: Oxford: Wiley-Blackwell, 2010. |
| 500 ## - GENERAL NOTE | |
| General note | Glossary : p. [375]-381. |
| 500 ## - GENERAL NOTE | |
| General note | Index : p. [382]-392. |
| 504 ## - BIBLIOGRAPHY, ETC. NOTE | |
| Bibliography, etc | Includes bibliographical references. |
| 505 0# - FORMATTED CONTENTS NOTE | |
| Formatted contents note | Introducing critical media studies -- Marxist analysis -- Organizational analysis -- Pragmatic analysis -- Rhetorical analysis -- Cultural analysis -- Psychoanalytic analysis -- Feminist analysis -- Queer analysis -- Reception analysis -- Sociological analysis -- Erotic analysis -- Ecological analysis -- Conclusion: The partial pachyderm. |
| 650 #7 - SUBJECT ADDED ENTRY--TOPICAL TERM | |
| Topical term or geographic name as entry element | Mass media. |
| Source of heading or term | BUEsh |
| 9 (RLIN) | 9699 |
| 653 ## - INDEX TERM--UNCONTROLLED | |
| Resource For college | Communication and mass media |
| Arrived date list | October2016 |
| 700 1# - ADDED ENTRY--PERSONAL NAME | |
| Personal name | Mack, Robert L., |
| Dates associated with a name | 1985- |
| 776 08 - ADDITIONAL PHYSICAL FORM ENTRY | |
| Display text | Online version: |
| Main entry heading | Ott, Brian L., author. |
| Title | Critical media studies |
| Edition | Fourth edition. |
| Place, publisher, and date of publication | Chichester, West Sussex ; Malden, MA : John Wiley & Sons Inc., 2014 |
| International Standard Book Number | 9781118554036 |
| Record control number | (DLC) 2014015632 |
| 942 ## - ADDED ENTRY ELEMENTS (KOHA) | |
| Source of classification or shelving scheme | Dewey Decimal Classification |
| Withdrawn status | Item status | Source of classification or shelving scheme | Damaged status | Not for loan | Vendor | Home library | Current library | Shelving location | Date acquired | Source of acquisition | Cost, normal purchase price | Serial Enumeration / chronology | Total Checkouts | Total Renewals | Full call number | Barcode | Date last seen | Date last borrowed | Cost, replacement price | Koha item type |
|---|---|---|---|---|---|---|---|---|---|---|---|---|---|---|---|---|---|---|---|---|
| Dewey Decimal Classification | Academic Bookshop | Central Library | Central Library | First floor | 16/10/2016 | Purchase | 540.00 | 9131 | 3 | 36 | 302.23 OTT | 000034133 | 15/07/2025 | 14/10/2019 | 675.00 | Book - Borrowing |